Schnelle Mathematik - Quadratzahlen Level 08 - Statistiken

Allgemein
  • Dieses Quiz wurde 245 mal gespielt
  • Das Durchschnittsergebnis liegt bei 26 aus 51
Antwortstatistiken
Frage Antwort % Korrekt
0
100%
1
100%
10² 100
100%
16
100%
25
100%
36
100%
4
100%
49
100%
81
100%
9
100%
64
97%
11² 121
95%
12² 144
92%
13² 169
90%
15² 225
87%
14² 196
82%
20² 400
72%
30² 900
67%
50² 2500
62%
40² 1600
56%
16² 256
56%
17² 289
51%
18² 324
49%
19² 361
46%
21² 441
46%
25² 625
46%
22² 484
41%
23² 529
38%
24² 576
33%
31² 961
31%
26² 676
28%
27² 729
26%
28² 784
26%
29² 841
23%
32² 1024
21%
41² 1681
21%
33² 1089
18%
34² 1156
18%
35² 1225
18%
36² 1296
18%
49² 2401
18%
39² 1521
15%
45² 2025
15%
46² 2116
15%
37² 1369
13%
42² 1764
13%
43² 1849
13%
44² 1936
13%
47² 2209
13%
48² 2304
13%
38² 1444
10%
Keine übereinstimmenden Quizze gefunden
Verteilung der Resultate
Anzahl Personen mit jedem Resultat
Perzentil nach korrekt beantworteten Fragen
Ihre Resultats-Entwicklung
Sie haben dieses Quiz noch nicht gespielt